[Event "Thursday Knighter IV: OPEN"]
[Site "MInneapolis, MN"]
[Date "2018.04.12"]
[Round "2.5"]
[White "Liu, Jeremy"]
[Black "Wisniewski, Vincent"]
[Result "0-1"]
[WhiteElo "1209"]
[BlackElo "1432"]

1. e4 Nf6 2. e5 Nd5 3. Bc4 Nb6 4. Bxf7+ Kxf7 5. Qh5+ g6 6. Qf3+ Kg8 7. d4 Nc6
8. d5 Nxe5 9. Qe4 Bg7 10. b3 d6 11. Bb2 Bf5 12. Qf4 Nxd5 13. Qd4 Nd3+ 14. cxd3
Bxd4 15. Bxd4 e5 16. Bb2 Nb4 17. Ba3 Nc2+ 18. Kd1 Nxa1 19. Bb2 Bxd3 20. Bxa1
Bxb1 21. Kc1 Bxa2 22. Kb2 Bxb3 23. Kxb3 c6 24. Nf3 Qb6+ 25. Kc2 Qxf2+ 26. Nd2
Qxg2 27. Rf1 Rf8 28. Rd1 Rf2 29. Kc1 Kf7 30. Nc4 Rc2+ 31. Kb1 Rxc4 32. Rxd6
Qc2# 0-1

[Event "Thursday Knighter IV: OPEN"]
[Site "MInneapolis, MN"]
[Date "2018.04.12"]
[Round "2.6"]
[White "Humphreys, Terry"]
[Black "Myrin, Norman"]
[Result "1-0"]
[WhiteElo "1912"]
[BlackElo "1974"]

1. c4 Nf6 2. Nf3 e6 3. Nc3 d5 4. d4 c6 5. g3 Nbd7 6. Bg2 Be7 7. cxd5 exd5 8.
O-O O-O 9. e4 Nxe4 10. Nxe4 dxe4 11. Nd2 f5 12. f3 Nf6 13. Nb3 Qd5 14. Be3 Qe6
15. Bg5 exf3 16. Bxf3 Qf7 17. Nc5 Bxc5 18. dxc5 Be6 19. Qa4 Bd5 20. Bxf6 Qxf6
21. Bxd5+ cxd5 22. Rad1 Qc6 23. Qd4 Rad8 24. Rfe1 Rfe8 25. Rxe8+ Qxe8 26. Kf2
Qe4 27. Qxe4 fxe4 28. Ke3 Kf7 29. b4 Ke6 30. b5 Ke5 31. b6 axb6 32. cxb6 d4+
33. Ke2 Rd5 34. Rf1 Ra5 35. Rf7 Rxa2+ 36. Kd1 e3 37. Rxb7 Ke4 38. Ra7 Rxh2 39.
Rxg7 Kd3 40. Kc1 Rc2+ 41. Kb1 e2 42. Re7 Rd2 43. b7 Rd1+ 44. Kb2 e1=Q 45. Rxe1
Rxe1 46. b8=Q Re2+ 47. Ka3 Rc2 48. Qh8 Rc3+ 49. Kb2 Kc4 50. g4 Rb3+ 51. Kc1
Rg3 52. Qc8+ Kd3 53. Qc2+ Ke3 54. Qd2+ Ke4 55. g5 Rc3+ 56. Kb2 Re3 57. Qg2+
Kd3 58. Qd5 Re2+ 59. Kb3 Re3 60. Kb4 {#r} 1-0

[Event "Thursday Knighter IV: OPEN"]
[Site "MInneapolis, MN"]
[Date "2018.04.12"]
[Round "2.7"]
[White "Svenson, Michael"]
[Black "Khann, Riaz"]
[Result "1/2-1/2"]
[WhiteElo "1528"]
[BlackElo "1506"]

1. d4 Nf6 2. c4 e6 3. Nf3 Bb4+ 4. Bd2 Bxd2+ 5. Qxd2 O-O 6. Nc3 b6 7. e3 Bb7 8.
Bd3 h6 9. O-O d5 10. cxd5 Nxd5 11. Rac1 Qf6 12. Ne5 Nxc3 13. Rxc3 c5 14. Rfc1
Rd8 15. Bb1 Na6 16. Qd1 Qg5 17. Nf3 Qf6 18. Qe2 Bxf3 19. Qxf3 Qxf3 20. gxf3
cxd4 21. exd4 g5 {#d} 1/2-1/2

[Event "Thursday Knighter IV: OPEN"]
[Site "MInneapolis, MN"]
[Date "2018.04.12"]
[Round "2.9"]
[White "Buyukdag, Yusuf"]
[Black "Heinisch, Steven"]
[Result "1-0"]
[WhiteElo "1102"]
[BlackElo "1300"]

1. d4 d5 2. c4 e6 3. Nc3 Nf6 4. cxd5 exd5 5. Bg5 Be7 6. e3 O-O 7. Bd3 h6 8.
Bh4 Nbd7 9. Nge2 c5 10. O-O cxd4 11. exd4 Ne4 12. Bxe7 Qxe7 13. Nxd5 Qh4 14.
Nef4 Ndf6 15. Ne7+ Kh8 16. Neg6+ fxg6 17. Nxg6+ Kg8 18. Nxh4 Be6 19. f3 Nd6
20. Re1 Bf7 21. Ng6 Rfd8 22. Rc1 Rd7 23. Ne5 Rdd8 24. Nxf7 Kxf7 25. Qb3+ Kf8
26. Qa3 Rd7 27. Bf5 Rdd8 28. Re6 Nfe8 29. Bg6 Rab8 30. Bxe8 Rxe8 31. Qxd6+ Kg8
32. Qd7 Red8 33. Qc7 Rf8 34. Re7 {#r} 1-0

[Event "Exerciser Quad 4: SETION 1 (1991)"]
[Site "Minneapolis, MN"]
[Date "2018.04.14"]
[Round "3.2"]
[White "Gisselquist, Peter"]
[Black "Voje, Daniel"]
[Result "0-1"]
[WhiteElo "2025"]
[BlackElo "1990"]

1. e4 c6 2. d4 d5 3. Nc3 dxe4 4. Nxe4 Nf6 5. Nxf6+ exf6 6. c3 Bd6 7. Nf3 O-O
8. Be2 f5 9. O-O Nd7 10. Bd3 Nf6 11. Qc2 f4 12. Ne5 Bxe5 13. dxe5 Nh5 14.
Bxh7+ Kh8 15. Be4 Qg5 16. b3 Re8 17. Bb2 Qxe5 18. f3 f5 19. c4 Qc5+ 20. Kh1
fxe4 21. fxe4 Re6 22. Qd1 Ng3+ {#R} 0-1

[Event "Thursday Knighter IV: PREMIER"]
[Site "Minneapolis, MN"]
[Date "2018.04.19"]
[Round "3.1"]
[White "Gibbins, Wilson"]
[Black "Zelkind, Eduard"]
[Result "1-0"]
[WhiteElo "1018"]
[BlackElo "2200"]

1. c4 c5 2. Nf3 Nf6 3. Nc3 Nc6 4. d4 cxd4 5. Nxd4 g6 6. e4 d6 7. Be2 Bg7 8.
Be3 Bd7 9. O-O O-O 10. Qd2 Ng4 11. Bxg4 Bxg4 12. Rac1 (12. Nd5 $14) 12... Re8
( 12... Qa5) 13. Nd5 Nxd4 14. Bxd4 Bd7 15. Bxg7 Kxg7 16. Rfd1 Be6 17. c5 (17.
Nf4 Bd7 18. c5 Rc8 19. b3 Bc6 20. Qb2+ Kg8 21. f3) 17... Bxd5 18. Qxd5 (18.
exd5 dxc5 19. Rxc5) 18... Qb8 (18... dxc5 19. Qe5+ f6 20. Rxd8 fxe5 21. Rxe8
Rxe8 22. Rxc5 Kf7 23. Rc7 Rb8 $14) (18... Qa5 19. c6 Qxd5 20. exd5 $14) 19.
cxd6 ( 19. Qd4+ Kg8 20. g3 $14) 19... exd6 (19... Qxd6 20. Qxb7 Rac8 21. Qxa7
Red8 22. g3 Qe5 23. b3 Ra8 24. Qe3 Rxd1+ 25. Rxd1 Rxa2 $14) 20. f3 Re6 21. Rc3
a5 22. Qd4+ Kh6 (22... Kg8 23. Rdc1 $16) 23. f4 f6 24. f5 (24. e5 $1 fxe5 25.
fxe5 Rxe5 26. Qh4+ Kg7 27. Rdc1 Qa7+ 28. Kh1 Rf8 29. Rc7+ Rf7 30. Rxf7+ Kxf7
31. Qxh7+ $16) (24. Rdc1 $16) 24... Re5 25. fxg6 (25. Kh1) 25... hxg6 26. Qd2+
g5 ( 26... Kg7 $14) 27. Qe2 $6 (27. Rf3 Kg7 28. Qf2 Re6 (28... Qa7 29. Qxa7
Rxa7 30. Rxd6 Ra6 31. Rfxf6 Rxd6 32. Rxd6 Rxe4 33. Rd5 Rb4 34. b3 a4 35. Rxg5+
Kf6 36. Rg3) 29. e5 $1) 27... Qe8 $6 (27... Kg7 28. Qh5 $2 (28. Rcd3 Ra6 29.
h4 $5) 28... Rxe4 $13) 28. Rxd6 Qg6 (28... Ra6 29. Rxa6 bxa6 $14) 29. Rh3+
{#r} 1-0

[Event "Thursday Knighter IV: PREMIER"]
[Site "Minneapolis, MN"]
[Date "2018.04.19"]
[Round "3.3"]
[White "Wijetunge, Ivan"]
[Black "Newhall, Peter"]
[Result "0-1"]
[WhiteElo "2055"]
[BlackElo "1067"]

1. d4 f5 2. Bf4 Nf6 3. e3 e6 4. Bd3 d6 5. Nf3 g6 6. h3 Bg7 7. c3 O-O 8. Nbd2
Qe7 9. Qb3 Kh8 10. O-O-O Nc6 11. Bg5 e5 12. dxe5 dxe5 13. e4 f4 14. Qc2 h6 15.
Bxf6 Rxf6 16. Nb3 Be6 17. Qe2 a5 18. Bc4 a4 19. Nbd2 Na5 20. Nxe5 Qc5 21. Bxe6
Qxe5 22. Bd7 a3 23. Kc2 Qc5 24. b4 Qxc3+ 25. Kxc3 Rc6+ 26. Kd3 Rc3# 0-1

[Event "Thursday Knighter IV: PREMIER"]
[Site "Minneapolis, MN"]
[Date "2018.04.19"]
[Round "3.4"]
[White "Hoover, Nathan"]
[Black "Boardman, Larry"]
[Result "1-0"]
[WhiteElo "1979"]
[BlackElo "2005"]

1. e4 c5 2. b4 cxb4 3. d4 d5 4. e5 g6 5. a3 Nc6 6. axb4 Nxb4 7. c3 Nc6 8. Na3
Bd7 9. Qb3 e6 10. Qxb7 Rb8 11. Qa6 Rb6 12. Qa4 Qb8 13. Qd1 Nge7 14. Bd3 Bg7
15. Nf3 h5 16. O-O Nf5 17. Nb1 O-O 18. Ba3 Re8 19. Nbd2 Bf8 20. Bc1 a5 21. Re1
Rb7 22. Nf1 Ra7 23. h3 a4 24. g4 hxg4 25. hxg4 Nh6 26. Ne3 Na5 27. g5 Nf5 28.
Ng4 Nb3 29. Nf6+ Kh8 30. Kg2 Nxa1 31. Bxf5 exf5 32. Rh1+ Bh6 33. Rxh6+ Kg7 34.
Rh7+ Kf8 35. Ba3+ {#r} 1-0

[Event "Thursday Knighter IV: OPEN"]
[Site "Minneapolis, MN"]
[Date "2018.04.19"]
[Round "3.2"]
[White "McGrath, Dennis"]
[Black "Lothrop, Jack"]
[Result "1-0"]
[WhiteElo "1645"]
[BlackElo "1506"]

1. d4 d5 2. c4 c6 3. Nf3 Nf6 4. g3 Bf5 5. Bg2 h6 6. O-O Nbd7 7. Qb3 b6 8. Nc3
e6 9. Bf4 dxc4 10. Qxc4 Nd5 11. Nxd5 cxd5 12. Qa4 g5 13. Bd2 a6 14. Rac1 b5
15. Qb3 Qb6 16. Rfd1 Bd6 17. Bb4 O-O 18. Bxd6 Qxd6 19. Ne1 Rac8 20. Nc2 Nb6
21. Ne3 Bh7 22. Ng4 Kg7 23. Qf3 f6 24. Rxc8 Nxc8 25. Qc3 Nb6 26. Qc5 Rd8 27.
Qxd6 Rxd6 28. Rc1 h5 29. Rc7+ Nd7 30. Ne3 Kg6 31. Nc2 Kh6 32. Nb4 a5 33. Nc6
a4 34. Nd8 Bg8 35. Nb7 {#r} 1-0

[Event "Thursday Knighter IV: OPEN"]
[Site "Minneapolis, MN"]
[Date "2018.04.19"]
[Round "3.5"]
[White "Landman, Kevin"]
[Black "Buyukdag, Yusuf"]
[Result "1/2-1/2"]
[WhiteElo "1506"]
[BlackElo "1102"]

1. d4 Nf6 2. c4 e6 3. Nc3 Bb4 4. e3 O-O 5. Nge2 d5 6. a3 Bxc3+ 7. Nxc3 Nbd7 8.
cxd5 exd5 9. Bd3 Re8 10. O-O c6 11. f3 Qb6 12. Qc2 Nf8 13. Bd2 Ne6 14. b4 h6
15. Na4 Qd8 16. Nc5 Nh5 17. Rae1 Qh4 18. Nxe6 Bxe6 19. e4 Qf6 20. e5 Qh4 21.
Be3 Nf4 22. g3 Nh3+ 23. Kg2 Qe7 24. f4 Bg4 25. f5 f6 26. e6 Kh7 27. Be2 Bxe2
28. Qxe2 Ng5 29. Bxg5 fxg5 30. Qe5 Rf8 31. g4 a6 32. Kg3 a5 33. Rb1 axb4 34.
axb4 Ra4 35. b5 Ra3+ 36. Rf3 Rxf3+ 37. Kxf3 g6 38. bxc6 bxc6 39. Rb3 gxf5 40.
gxf5 g4+ 41. Kg3 h5 42. Kf4 Kh6 43. Kg3 Qg5 44. h4 Qd2 45. Qf4+ Qxf4+ 46. Kxf4
Kg7 47. Rb7+ Kf6 48. Rh7 c5 49. dxc5 d4 50. Rd7 Rc8 51. Rxd4 Rxc5 52. Re4
Rxf5+ 53. Kg3 Ke7 54. Re3 Rf6 55. Re5 Rf3+ 56. Kg2 Ra3 57. Rxh5 Kxe6 58. Rg5
Ra4 59. Kg3 Kf6 60. Rxg4 Rxg4+ 61. Kxg4 {#d} 1/2-1/2

[Event "Thursday Knighter IV: PREMIER"]
[Site "Minneapolis, MN"]
[Date "2018.04.26"]
[Round "4.1"]
[White "Newhall, Peter"]
[Black "McNeil, John"]
[Result "1-0"]
[WhiteElo "1067"]
[BlackElo "1757"]

1. d4 Nf6 2. Nf3 g6 3. Nc3 Bg7 4. e4 d6 5. Be3 c6 6. Qd2 b5 7. Bd3 b4 8. Ne2
a5 9. Bh6 O-O 10. Bxg7 Kxg7 11. h4 h5 12. Ng3 e6 13. Qg5 Ba6 14. e5 dxe5 15.
dxe5 Nh7 16. Nxh5+ Kh8 17. Qh6 Rg8 18. Nf6 Rg7 19. Ng5 {#r} 1-0

[Event "Thursday Knighter IV: PREMIER"]
[Site "Minneapolis, MN"]
[Date "2018.04.26"]
[Round "4.2"]
[White "Louie, Terry"]
[Black "Hoover, Nathan"]
[Result "0-1"]
[WhiteElo "1506"]
[BlackElo "1979"]

1. d4 Nf6 2. c4 g6 3. Nc3 d5 4. Nf3 Bg7 5. Bg5 Ne4 6. Bf4 Nxc3 7. bxc3 O-O 8.
e3 c5 9. Be2 dxc4 10. Bxc4 Nc6 11. O-O cxd4 12. cxd4 Bf5 13. Re1 Rc8 14. Qa4
Na5 15. Bf1 Be6 16. Rac1 b6 17. h3 Qd5 18. a3 Qb3 19. Qxb3 Nxb3 20. Rb1 Na5
21. Rec1 Ba2 22. Ra1 Bc4 23. Bxc4 Nxc4 24. Rc3 b5 25. Rac1 Nb6 26. Kf1 Rxc3
27. Rxc3 Rd8 28. Rc5 Rd5 29. Rc7 Rd7 30. Rc5 a6 31. Rc6 Rb7 32. Ke2 Bf8 33. e4
e6 34. Rc3 Kg7 35. Kd3 Nc4 36. Bc1 Be7 37. Nd2 Nxd2 38. Bxd2 a5 39. Bc1 b4 40.
axb4 axb4 41. Rb3 Ra7 42. Kc4 Ra1 43. Bb2 Re1 44. Re3 Rb1 45. Re2 Kf8 46. d5
Rd1 47. Bd4 Ke8 48. Re3 Rd2 49. Rf3 Rc2+ 50. Kb3 Re2 51. dxe6 fxe6 52. Be3 Re1
53. Bd2 Rxe4 54. Re3 Rd4 55. Be1 Kd7 56. f3 Bd6 57. g4 Rd1 58. h4 h5 59. Re4
Rd3+ 60. Kc4 Rxf3 61. Bxb4 Rf4 62. Rxf4 Bxf4 63. gxh5 gxh5 64. Be1 Kc6 65. Kd4
Bd6 66. Ke4 Kc5 67. Bf2+ Kc4 68. Be3 Bg3 69. Bg5 Kc3 70. Bf6+ Kc2 71. Be7 Kd2
72. Kf3 Bc7 73. Bg5+ Kd3 74. Bf6 Bd6 75. Bg5 e5 76. Bc1 e4+ 77. Kf2 Bc5+ 78.
Ke1 Be3 79. Bb2 Bf4 80. Bf6 Bd2+ {#R} 0-1

[Event "Thursday Knighter IV: PREMIER"]
[Site "Minneapolis, MN"]
[Date "2018.04.26"]
[Round "4.3"]
[White "Boardman, Larry"]
[Black "Wisniewski, Vincent"]
[Result "1/2-1/2"]
[WhiteElo "2005"]
[BlackElo "1432"]

1. e4 Nf6 2. e5 Nd5 3. Nc3 e6 4. Nxd5 exd5 5. d4 d6 6. Nf3 Bg4 7. Be2 Nd7 8.
Bf4 Bxf3 9. Bxf3 dxe5 10. dxe5 c6 11. c3 Be7 12. O-O Nc5 13. Re1 O-O 14. Qc2
Ne6 15. Bg3 g6 16. Rad1 Ng5 17. Rd3 Nxf3+ 18. Rxf3 Qd7 19. Bf4 Rfe8 20. Bh6
Qe6 21. Qd2 Rad8 22. Rh3 Qf5 23. b4 b6 24. e6 f6 25. Rf3 Qh5 26. Bf4 c5 27. a3
d4 28. c4 g5 29. Bg3 Qg6 30. b5 Qg7 31. h4 h6 32. hxg5 hxg5 33. Bh2 Qg6 34.
Rh3 {#d} 1/2-1/2

[Event "Thursday Knighter IV: OPEN"]
[Site "Minneapolis, MN"]
[Date "2018.04.26"]
[Round "4.1"]
[White "Melander, Robert"]
[Black "McGrath, Dennis"]
[Result "1-0"]
[WhiteElo "1541"]
[BlackElo "1645"]

1. e4 e6 2. d4 d5 3. Nd2 Nf6 4. e5 Nfd7 5. f4 c5 6. c3 Nc6 7. Ndf3 Qb6 8. Ne2
cxd4 9. cxd4 f6 10. g3 fxe5 11. fxe5 Be7 12. Bh3 Nd8 13. O-O O-O 14. Kh1 Nf7
15. Nf4 Nb8 16. b3 Na6 17. Be3 Bd7 18. Rf2 Nc7 19. Rc1 Rae8 20. Rfc2 Rc8 21.
Qe1 Bb4 22. Bd2 Bxd2 23. Qxd2 Kh8 24. Rc5 Na6 25. Rxc8 Rxc8 26. Kg2 Rc6 27.
Nxd5 Qd8 28. Nf4 Qc8 29. Rxc6 bxc6 30. Qc3 Nc7 31. Qc5 a6 32. Qe7 Kg8 33. Nd2
Nd5 34. Qc5 Ng5 35. Nc4 Nxh3 36. Kxh3 Qe8 37. Nd6 Qf8 38. Qc1 g6 39. Kg2 Qh6
40. Ne4 Kf7 41. Nc5 Bc8 42. Kg1 Qg5 43. Qf1 Ne3 44. Nfxe6+ Qf5 45. Qxf5+ Nxf5
46. Ng5+ Kg7 47. Nf3 Kf7 48. Kf2 Ne7 49. Nd2 Nd5 50. Nde4 a5 51. Nd6+ Ke7 52.
Nxc8+ Kd8 53. Nd6 Nb4 54. Ncb7+ Kd7 55. Nxa5 Nxa2 56. Ke3 Nb4 57. Ke4 Nc2 58.
Nxc6 Kxc6 59. d5+ Kd7 60. Nb5 Nb4 61. e6+ Kd8 62. d6 Nc6 63. Kd5 Nb4+ 64. Kc5
Nd3+ 65. Kb6 Ne5 66. e7+ Kd7 67. Nc7 {#r} 1-0

[Event "Thursday Knighter IV: OPEN"]
[Site "Minneapolis, MN"]
[Date "2018.04.26"]
[Round "4.2"]
[White "Lothrop, Jack"]
[Black "Juntunen, Steven"]
[Result "1-0"]
[WhiteElo "1506"]
[BlackElo "2133"]

1. e4 e5 2. Nf3 Nc6 3. d4 exd4 4. Bc4 Nf6 5. e5 Qe7 6. O-O d5 7. exf6 Qxf6 8.
Bxd5 Bg4 9. Qe2+ Be7 10. Qe4 Bf5 11. Bxc6+ bxc6 12. Qxd4 Bxc2 13. Nc3 O-O 14.
Qxf6 Bxf6 15. Bg5 Bxc3 16. bxc3 Rab8 17. Rfe1 h6 18. Be7 Rfe8 19. Bb4 Be4 20.
Nd2 Bh7 21. f3 Red8 22. Nc4 f6 23. Re7 Bd3 24. Na5 c5 25. Bxc5 Bb1 26. Re1 Rd5
27. Nc6 Rb5 28. Ne7+ Kf7 29. Nxd5 Rxc5 30. Raxb1 Rxd5 31. c4 Ra5 32. Re2 Rc5
33. Re4 a6 34. Kf2 Ra5 35. Rb2 Kg6 36. Ke3 c5 37. Re7 Ra3+ 38. Ke4 f5+ 39. Kd5
Kf6 40. Re6+ Kf7 41. Rc6 a5 42. Kxc5 Ke7 43. Rb7+ Kd8 44. Ra6 Kc8 45. Kc6 Rxa2
46. Ra8# 1-0

[Event "Thursday Knighter IV: OPEN"]
[Site "Minneapolis, MN"]
[Date "2018.04.26"]
[Round "4.4"]
[White "Humphreys, Terry"]
[Black "Landman, Kevin"]
[Result "0-1"]
[WhiteElo "1912"]
[BlackElo "1506"]

1. e4 c5 2. Nf3 e6 3. d4 cxd4 4. Nxd4 a6 5. Bd3 Bc5 6. Nb3 Be7 7. Be3 d6 8.
O-O Nf6 9. Nc3 Nbd7 10. f3 Qc7 11. Qe1 b5 12. g4 h6 13. Rd1 Bb7 14. Rd2 Rd8
15. Qg3 Ne5 16. Rb1 Nc4 17. Re2 Nxe3 18. Rxe3 Qb6 19. Qe1 d5 20. exd5 Bxd5 21.
Kf1 Bb4 22. Nxd5 Nxd5 23. Rxe6+ Qxe6 24. Qf2 O-O 25. a3 Be7 26. Re1 Qd6 27.
Nd4 Qb6 28. c4 Nf4 29. Nf5 Qxf2+ {#R} 0-1

[Event "Thursday Knighter IV: OPEN"]
[Site "Minneapolis, MN"]
[Date "2018.04.26"]
[Round "4.5"]
[White "Buyukdag, Yusuf"]
[Black "Svenson, Michael"]
[Result "0-1"]
[WhiteElo "1102"]
[BlackElo "1528"]

1. d4 d5 2. c4 c6 3. Nf3 e6 4. Qc2 Nf6 5. Bf4 Nbd7 6. h3 dxc4 7. Qxc4 Nb6 8.
Qb3 Nbd5 9. Bg5 Bb4+ 10. Nbd2 Qa5 11. Ne5 Ne4 12. Nec4 Qc7 13. a3 b5 14. Ne5
Ba5 15. Nef3 Nxg5 16. e3 Nxf3+ 17. gxf3 O-O 18. Bd3 Bxd2+ 19. Kxd2 Bb7 20.
Rac1 a6 21. f4 Nxf4 22. Be4 Qa5+ 23. Kc2 Nd5 24. Kb1 Rac8 25. Bxh7+ Kxh7 26.
Qd3+ Kg8 27. h4 Nf6 28. Rc5 Rfd8 29. e4 Nxe4 30. Qxe4 Rd5 31. h5 Rxc5 32. dxc5
Qd8 33. h6 Qf6 34. Qg4 Qf5+ 35. Qxf5 exf5 36. h7+ Kh8 37. b4 Re8 38. f4 Bc8
39. Kc2 Rd8 40. Re1 Be6 {#R} 0-1

[Event "Thursday Knighter V: PREMIER"]
[Site "Minneapolis, MN"]
[Date "2018.05.03"]
[Round "1.1"]
[White "Boardman, Larry"]
[Black "Cooklev, Steven"]
[Result "0-1"]
[WhiteElo "1971"]
[BlackElo "1496"]

1. e4 e5 2. Bc4 Nc6 3. d3 Nf6 4. Nf3 Be7 5. O-O O-O 6. Re1 d6 7. c3 Na5 8. Bb5
a6 9. Ba4 b5 10. Bc2 c5 11. Nbd2 Nc6 12. Nf1 h6 13. Ng3 Be6 14. d4 cxd4 15.
cxd4 Bg4 16. d5 Nd4 17. Bd3 Nh5 18. Nxh5 Bxh5 19. Be2 Nxe2+ 20. Qxe2 f5 21.
Bd2 fxe4 22. Qxe4 Bxf3 23. gxf3 Bg5 24. Bxg5 Qxg5+ 25. Qg4 Rxf3 26. Qxg5 hxg5
27. Rac1 Rd3 28. Red1 Rxd1+ 29. Rxd1 Rc8 30. Rd2 Kf7 31. Kg2 Kf6 32. b3 Rc3
33. f3 Kf5 34. Re2 a5 35. a4 b4 36. h3 Rxb3 37. Rc2 Rc3 {#R} 0-1

[Event "Thursday Knighter V: PREMIER"]
[Site "Minneapolis, MN"]
[Date "2018.05.03"]
[Round "1.2"]
[White "Narayanan, Samrug"]
[Black "Newhall, Peter"]
[Result "1-0"]
[WhiteElo "1183"]
[BlackElo "1067"]

1. e4 c5 2. Nf3 g6 3. c3 d5 4. e5 Nc6 5. d4 cxd4 6. cxd4 Bg4 7. Be3 Nh6 8. Bd3
Nf5 9. Bxf5 Bxf5 10. Nc3 Bg7 11. O-O O-O 12. Qd2 Bg4 13. Ne1 Qa5 14. h3 Bd7
15. Nf3 Rac8 16. Bh6 e6 17. Bxg7 Kxg7 18. Nh2 h5 19. f4 Qb4 20. Nf3 Na5 21. a3
Qb6 22. f5 Nb3 23. f6+ Kh7 24. Qf2 Nxa1 25. Ng5+ Kg8 26. Rxa1 Rc4 27. Rd1 Ba4
28. Rd3 Rfc8 29. Qd2 Qd8 30. Rg3 Bd7 31. Nf3 Qf8 32. Ne1 Kh7 33. Nf3 Qh6 34.
Ng5+ Kg8 35. h4 b5 36. Rd3 a5 37. Na2 b4 38. axb4 Rc2 39. Qe1 Rxb2 40. Rd2
Rcc2 41. Rxc2 Rxc2 42. Qb1 Ba4 43. bxa5 Qf8 44. a6 Qa8 45. Nb4 Rc4 46. Nd3
Rxd4 47. Qb7 Bc6 48. Qxf7+ {#r} 1-0

[Event "Thursday Knighter V: PREMIER"]
[Site "Minneapolis, MN"]
[Date "2018.05.03"]
[Round "1.3"]
[White "Hortillosa, Andres"]
[Black "Zelkind, Eduard"]
[Result "0-1"]
[WhiteElo "1912"]
[BlackElo "2200"]

1. d4 Nf6 2. Nf3 e6 3. Bg5 d5 4. e3 Nbd7 5. Bd3 Be7 6. Nbd2 c5 7. c3 O-O 8.
Ne5 Re8 9. f4 Nf8 10. O-O N6d7 11. Qh5 g6 12. Qh6 f5 13. Ndf3 Nxe5 14. Nxe5
Bd7 15. h4 Bxg5 16. hxg5 Qe7 17. Rf3 Rac8 18. Rh3 Qg7 19. Qh4 Re7 20. Kf2 Be8
21. g4 b5 22. Rc1 Rec7 23. Qg3 b4 24. c4 cxd4 25. exd4 dxc4 26. Be2 c3 27. b3
a5 28. Qe3 Bc6 29. gxf5 gxf5 30. g6 hxg6 31. Rg3 Qf6 32. Rcg1 Be8 33. Ba6 Rd8
34. Bc4 Rh7 35. Nxg6 Bxg6 36. Bxe6+ Kg7 37. d5 Re8 38. Rd1 Rh2+ 39. Kg1 Qh4
40. Qa7+ Kh6 41. Qe3 Rh1+ {#R} 0-1

[Event "Thursday Knighter V: PREMIER"]
[Site "Minneapolis, MN"]
[Date "2018.05.03"]
[Round "1.5"]
[White "McNeil, John"]
[Black "Utterberg, Cary"]
[Result "1-0"]
[WhiteElo "1757"]
[BlackElo "2080"]

1. e4 e6 2. d4 d5 3. e5 c5 4. c3 Nc6 5. Nf3 Qb6 6. a3 c4 7. Nbd2 Bd7 8. g3 Na5
9. Bh3 Be7 10. O-O h5 11. Rb1 g5 12. Ne1 O-O-O 13. b3 cxb3 14. Nd3 Ba4 15. Nb2
Bb5 16. a4 Bxf1 17. Bxf1 Qc7 18. c4 dxc4 19. Ndxc4 Nxc4 20. Nxc4 Nh6 21. Be3
Kd7 22. Qxb3 Rb8 23. Rc1 Qd8 24. Qb5+ {#r} 1-0

[Event "Thursday Knighter V: PREMIER"]
[Site "Minneapolis, MN"]
[Date "2018.05.03"]
[Round "1.6"]
[White "Louie, Terry"]
[Black "Buyukdag, Yusuf"]
[Result "0-1"]
[WhiteElo "1506"]
[BlackElo "1102"]

1. d4 Nf6 2. Nf3 e6 3. c4 c5 4. Nc3 cxd4 5. Nxd4 Bb4 6. Qc2 O-O 7. Bf4 Nc6 8.
Nb3 d5 9. O-O-O Bxc3 10. Qxc3 Ne4 11. Qf3 Na5 12. Nxa5 Qxa5 13. Kb1 e5 14.
cxd5 Bf5 15. Ka1 exf4 16. Qxf4 Nc3 17. a3 Nxd1 18. Qxf5 Qd2 {#R} 0-1

[Event "Thursday Knighter V: OPEN"]
[Site "Minneapolis, MN"]
[Date "2018.05.03"]
[Round "1.5"]
[White "Melander, Robert"]
[Black "Mauser, Samuel"]
[Result "0-1"]
[WhiteElo "1541"]
[BlackElo "1645"]

1. e4 e6 2. d4 d5 3. Nd2 Nf6 4. e5 Nfd7 5. f4 c5 6. c3 Nc6 7. Ndf3 Be7 8. Bd3
O-O 9. Ne2 f6 10. O-O c4 11. Bc2 b5 12. b3 Nb6 13. b4 a5 14. bxa5 Rxa5 15. Qe1
b4 16. Bd2 bxc3 17. Bxc3 Ra7 18. a4 Bd7 19. a5 Na8 20. Qd2 Nc7 21. Rfb1 Qa8
22. Rb6 Na6 23. Ba4 Bd8 24. Bxc6 Bxc6 25. Rb2 Bd7 26. g4 Nb8 27. Ng3 g6 28.
exf6 Bxf6 29. Ne5 Bd8 30. g5 Nc6 31. Nxc6 Bxc6 32. h4 Bc7 33. Ne2 Bd6 34. Qe3
Qc8 35. Rb6 Raf7 36. Rf1 Qd7 37. Bd2 Bc7 38. Rbb1 Ra8 39. Ra1 Re7 40. Ng3 Qd8
41. Qc3 Bd6 42. Rfe1 Qc7 43. Ne2 Rf7 44. Qh3 Bd7 45. Qh1 c3 46. Rec1 Qc4 47.
Qf3 Bb5 48. Nxc3 Qxd4+ 49. Be3 Qc4 50. Nxb5 Qxb5 51. Rcb1 Qd3 52. Kf2 e5 53.
Rd1 Qc2+ 54. Rd2 Qc3 55. Ra4 Rxa5 56. Rxa5 Qxa5 57. Rxd5 Qc7 58. Qe4 exf4 59.
Qe8+ Bf8 60. Bc5 Qb7 61. Rd8 Qb2+ 62. Kf3 Qc3+ {#R} 0-1

[Event "Thursday Knighter V: OPEN"]
[Site "Minneapolis, MN"]
[Date "2018.05.03"]
[Round "1.9"]
[White "Heinisch, Michael"]
[Black "Lothrop, Bill"]
[Result "1-0"]
[WhiteElo "1300"]
[BlackElo "1209"]

1. e4 c6 2. d4 d5 3. Nc3 e6 4. Bd3 Bb4 5. Qg4 g6 6. Qe2 dxe4 7. Bxe4 Qxd4 8.
Bd2 Nf6 9. Nf3 Qd8 10. O-O-O Nbd7 11. Bf4 Bxc3 12. bxc3 Qa5 13. Kb2 Nc5 14.
Rd4 Nfxe4 15. Rxe4 Nxe4 16. Qxe4 Qb6+ 17. Ka1 Qxf2 18. Qe5 Rf8 19. Bg5 f5 20.
Qc7 Rf7 21. Qd8# 1-0

[Event "Thursday Knighter V: OPEN"]
[Site "Minneapolis, MN"]
[Date "2018.05.03"]
[Round "1.10"]
[White "Heinisch, Steven"]
[Black "McGrath, Dennis"]
[Result "1-0"]
[WhiteElo "1300"]
[BlackElo "1645"]

1. e4 e6 2. d4 d5 3. Nc3 Nf6 4. e5 Nfd7 5. f4 c5 6. Nf3 Nc6 7. b3 cxd4 8. Nxd4
Nxd4 9. Qxd4 Bc5 10. Qd2 a6 11. Bb2 O-O 12. O-O-O b5 13. Bd3 Qb6 14. Rde1 Bb7
15. f5 f6 16. exf6 Nxf6 17. fxe6 Qa5 18. Kb1 Bb4 19. a3 Bxa3 20. Bxa3 Qxa3 21.
Rhf1 Qb4 22. Kb2 a5 23. Qf4 Ne4 24. Qc7 Qxc3+ 25. Qxc3 Nxc3 26. Kxc3 b4+ 27.
Kd4 Rae8 28. Rxf8+ Kxf8 29. Bb5 Re7 30. Kc5 Rc7+ 31. Kd6 Rxc2 32. e7+ Kf7 33.
e8=Q+ Kf6 34. Rf1+ Kg5 35. Qe5+ Kg6 36. Bd3+ {#r} 1-0

[Event "Thursday Knighter V: OPEN"]
[Site "Minneapolis, MN"]
[Date "2018.05.03"]
[Round "1.11"]
[White "Landman, Kevin"]
[Black "Farah, Anthony"]
[Result "1-0"]
[WhiteElo "1506"]
[BlackElo "1928"]

1. d4 d5 2. c4 e6 3. Nc3 Bb4 4. e3 Bxc3+ 5. bxc3 Nf6 6. cxd5 exd5 7. Ba3 Nbd7
8. Qc2 Ne4 9. Bd3 Ndf6 10. f3 Nd6 11. Ne2 O-O 12. O-O Re8 13. Bc1 Nc4 14. e4
h6 15. e5 Nd7 16. f4 Nf8 17. f5 Nxe5 18. dxe5 Rxe5 19. f6 g6 20. Bxh6 Rh5 21.
Bxf8 Bf5 22. Bxf5 Qxf6 23. Bg4 Qb6+ 24. Kh1 Rh4 {#r} 1-0

[Event "Thursday Knighter V: OPEN"]
[Site "Minneapolis, MN"]
[Date "2018.05.03"]
[Round "1.12"]
[White "Niederluecke, Max"]
[Black "Myrin, Norman"]
[Result "0-1"]
[WhiteElo "1067"]
[BlackElo "1974"]

1. e4 e5 2. Nf3 Nc6 3. Bc4 Bc5 4. O-O Nf6 5. d3 d6 6. c3 Qe7 7. a4 a6 8. b4
Ba7 9. Bb2 Be6 10. Bxe6 Qxe6 11. Qd2 O-O 12. Na3 Qe7 13. Rfe1 Ng4 14. d4 f5
15. h3 fxe4 16. Rxe4 Nf6 17. Re2 e4 18. Rae1 d5 19. Nc2 Nh5 20. Nh2 Nf4 21.
Re3 Qg5 22. Rg3 Nxh3+ {#R} 0-1